00994 a2200229 4500020001800000040003300018082001300051100002000064245005400084250001200138260003100150300003300181650002500214650001600239650001600255650003000271942002600301999001500327952014600342952013000488952014600618 a0-471-33328-X aLibrary of CongressbEnglish a510.24621 aKreyszig, Erwin00aAdvanced engineering mathematics cErwin Kreyszig a8th ed. aNew York :bWiley,cc1999. axvi, 1156, 97, 20 p. :bill. 7aMathematical physics 7aMathematics 7aMathematics 7aMathematics (Engineering) cBKk510.2462 KRE2ddc c4411d4411 001040708NFICaCLbCLcGENd2004-03-09eAllied Book Companyg2337.57l5o510.2462 KREpSEECS004217r2016-10-17s2016-10-17w2017-01-05yBK 001040708NFICaCLbCLcGENd2009-02-18eDonationl10m2o510.2462 KREpSEECSD00311r2024-05-31s2024-01-30w2017-01-05yBK 001040708NFICaCLbCLcGENd2002-01-16ePak Book Corporationg825.41l3o510.2462 KREpSEECS001737r2015-09-13s2015-09-13w2017-01-05yBK